[Event "YUG-ch 56th"]
[Site "Herceg Novi"]
[Date "2001.04.05"]
[Round "12"]
[White "Gligoric, Svetozar"]
[Black "Blagojevic, Dragisa"]
[Result "0-1"]
[WhiteElo "2481"]
[BlackElo "2486"]
[Annotator "Tsesarsky,I"]
[PlyCount "68"]
[EventDate "2001.03.23"]
[EventType "tourn"]
[EventRounds "15"]
[EventCountry "YUG"]
[EventCategory "10"]
[SourceTitle "CBM 083"]
[Source "ChessBase"]
[SourceDate "2001.07.05"]
[SourceVersion "1"]
[SourceVersionDate "2001.07.05"]
[SourceQuality "1"]

1. d4 d5 2. Nf3 Nf6 3. c4 e6 4. Nc3 Nbd7 5. Bg5 c6 6. e3 Qa5 7. cxd5 Nxd5 8.
Qd2 Bb4 9. Rc1 h6 10. Bh4 c5 11. a3 Bxc3 12. bxc3 b6 {This variation first
looks in White's favour: pair of BB and strong PP center. But due to
Blagojevic efforts this position must be evaluated again. Pa3 is weak,
probably Black will change Bc8 on his white opponent, and Black will recieve
good counterplay.} 13. Bg3 (13. Ne5 Nxe5 14. dxe5 g5 15. e4 {-see commented
game 0-1 Sherbakov,R-Goloshchapov,A/Ekaterinburg 1999/CBM 75 [Tsesarsky,I](58)}
) (13. Bd3 Bb7 (13... Ba6 14. O-O N5f6 15. e4 Bxd3 16. Qxd3 cxd4 17. cxd4 O-O
18. Rc2 (18. Rc7 Rac8 19. Rfc1 Nc5 $1 {0-1 San Segundo Carrillo,P-Dorfman,J/
Mondariz 2000/CBM 79 no vc (27)}) 18... Rac8 $132 {1/2-1/2 Khalifman,
A-Jussupow,A/Istanbul 2000/EXT 2001 (23)}) 14. O-O O-O (14... N5f6 15. Qb2 O-O
16. Nd2 cxd4 17. cxd4 Rfc8 $132 {1/2-1/2 Gomez Esteban,J-Estremera Panos,S/
Barcelona 2000/CBM 77 ext (37)}) 15. e4 ({After 1,5 monthes Gligoric tried
against Blagojevic} 15. Ne5 {and lost again:} Nxe5 16. dxe5 c4 17. Bxc4 Rfc8
18. Bxd5 Bxd5 19. Rfe1 Rc4 20. Be7 Rg4 21. g3 Bf3 22. Bd6 Rc8 $15 {0-1
Gligoric,S-Blagojevic,D/Herceg Novi YUG 2001/The Week in Chess 344 (49)}) 15...
N5f6 16. Qe2 cxd4 17. cxd4 Rfc8 18. Qe3 {1/2-1/2 Zontakh,A-Blagojevic,D/Herceg
Novi YUG 2001/The Week in Chess 344 (18)}) (13. e4 N5f6 14. Bd3 Bb7 (14... Ba6
{-see detailed commented game  1/2-1/2 Atalik,S-Nogueiras,J/Havana 1999/CBM 71
[Tsesarsky,I] (63)}) 15. d5 c4 16. dxe6 (16. Bc2 exd5 17. e5 Ne4 18. Bxe4 dxe4
19. e6 O-O (19... fxe6 20. Qd6 g5 21. Qxe6+ $18) 20. Qxd7 exf3 21. Qxb7 Qe5+
22. Kf1 Qf4 23. exf7+ Kh7 24. Re1 fxg2+ 25. Kxg2 Qxh4 $132 {1/2-1/2 Ivanisevic,
I-Sedlak,N/Herceg Novi YUG 2001/The Week in Chess 344 (27)}) 16... cxd3 17.
exd7+ Nxd7 18. Qxd3 g5 19. Bg3 Nc5 20. Qd6 {1/2-1/2 Kramnik,V-Ivanchuk,V/
Novgorod 1995/CBM 48 (20)} ({White tried to continue to play this position:} 
20. Qd4 {but Black equalized very easily:} O-O 21. O-O Nxe4 22. Qb4 Qxb4 23.
cxb4 Nxg3 24. fxg3 Bxf3 25. Rxf3 Rac8 $11 {1/2-1/2 Antic,D-Blagojevic,D/Herceg
Novi 2001/CBM 83_01 (55)})) 13... Bb7 14. Bd3 $2 $17 (14. c4 Qxd2+ 15. Kxd2 (
15. Nxd2 N5f6 16. f3 $132) 15... N5f6 $132) 14... O-O $2 $132 (14... Qxa3 15.
O-O cxd4 $17) 15. O-O $2 $17 (15. c4 Qxd2+ 16. Nxd2 N5f6 $132) 15... cxd4 16.
cxd4 Qxa3 {White lost Pa3 without any compensation!} 17. e4 N5f6 18. Ra1 Qe7
19. Rfe1 Rfc8 20. Bh4 Qf8 (20... e5 $2 21. Bb5 Rd8 22. Rad1 exd4 (22... Nc5 23.
Qb2 exd4 24. e5 g5 25. Nxg5 $14 (25. Bg3 Nfe4 $17)) 23. Bxd7 Rxd7 24. e5 Bxf3
25. exf6 Qa3 26. fxg7 $16) 21. Bb1 $6 {White hasn't effective plan.} (21. Qb2
$142 $17) 21... a5 22. d5 $2 $19 {Leads to lost position} ({Better was to
recognize the mistake on previous move:} 22. Bd3 $17) 22... exd5 23. e5 ({
Maybe a little bit more chances for resistance would give to White} 23. exd5
Bxd5 24. Bf5 Bxf3 (24... Rd8 25. Bxd7 Rxd7 26. Bxf6 gxf6 27. Qf4 $19) 25. Bxf6
Nxf6 26. Bxc8 Bxg2 27. Bf5 Qc5 $19) 23... Ne4 24. Bxe4 dxe4 25. Qxd7 Bc6 26.
Qg4 exf3 27. gxf3 Bd5 28. Rad1 Be6 29. Qg2 a4 30. f4 a3 31. Qf3 Bf5 32. Qb7 a2
33. Be7 Qe8 34. Bd6 Qc6 0-1

[Event "Chalapathi GM"]
[Site "Guntur"]
[Date "2000.04.07"]
[Round "5"]
[White "Rahman, Ziaur"]
[Black "Prakash, GB."]
[Result "1-0"]
[WhiteElo "2465"]
[BlackElo "2435"]
[Annotator "Tsesarsky,I"]
[PlyCount "87"]
[EventDate "2000.04.03"]
[EventType "tourn"]
[EventRounds "13"]
[EventCountry "IND"]
[EventCategory "10"]
[SourceTitle "CBM 077"]
[Source "ChessBase"]
[SourceDate "2000.07.27"]
[SourceVersion "1"]
[SourceVersionDate "2000.07.27"]
[SourceQuality "1"]

1. c4 c6 2. d4 d5 3. Nf3 Nf6 4. Nc3 e6 5. Bg5 Nbd7 6. e3 Qa5 7. Nd2 Bb4 8. Qc2
O-O (8... e5 {-mainline}) (8... dxc4 {-mainline}) 9. Be2 c5 (9... dxc4 {
-mainline}) (9... e5 {-mainline}) (9... b6 10. O-O Bxc3 11. bxc3 Ba6 12. Bf4 (
12. a4 dxc4 13. Bxf6 Nxf6 14. Nxc4 Qd5 15. Ne5 Bxe2 16. Qxe2 c5 $11) 12... dxc4
(12... Rac8 13. Bd6 $16 {[%csl Ra5,Rf8][%cal Gd6b4,Gd6f8]}) 13. Nxc4 (13. Bd6
Rfd8 14. Bb4 Qg5 15. f4 Qh4 16. Nxc4 (16. Be7 Re8 17. Rf3 Qh5 18. Bd6 b5 19. a4
$44) 16... Ng4 $17) 13... Qd5 14. Ne5 Bxe2 15. Qxe2 Nxe5 16. Bxe5 Nd7 17. e4
Qa5 18. Bd6 $14) (9... Re8 10. O-O dxc4 (10... Bxc3 11. bxc3 dxc4 12. Bxf6 gxf6
13. Nxc4 $16) (10... e5 11. dxe5 Rxe5 12. Nb3 Qd8 13. Bf4 Bxc3 14. Qxc3 Re8 15.
Rfd1 $14) 11. Bxf6 Nxf6 12. Nxc4 Qc7 13. Ne4 Nxe4 14. Qxe4 Be7 15. Rac1 Bf6 16.
Ne5 $14) 10. O-O (10. Nb3 Qc7 (10... Bxc3+ 11. bxc3 Qa4 12. cxd5 c4 13. Qb2
Nxd5 14. Nd2 h6 15. Bh4 b5 16. a3 N7b6 17. Rc1 Qa5 18. Nb1 $132 {1/2-1/2
Azmayparashvili,Z-Ivanchuk,V/Moscow PCA blitz 1994/ (43)}) (10... Qa4 11. Bxf6
(11. cxd5 c4 12. Bxc4 Bxc3+ 13. Qxc3 Ne4 $17) 11... Nxf6 12. dxc5 (12. O-O Bxc3
13. Qxc3 cxd4 (13... Ne4 14. Qd3 cxd4 15. Qxd4 Rd8 16. Rfd1 Qe8 17. cxd5 exd5
$16 {0-1 Vologyin,V-Orso,M/NOVIKI "C" 1990/ (62)}) 14. Nxd4 Bd7 15. cxd5 Nxd5
16. Qb3 Qxb3 17. Nxb3 Rac8 $11 {1/2-1/2 Aseev,K-Oll,L/Moscow PCA-Intel qual
1995/ (82)}) 12... dxc4 (12... Ne4 13. cxd5 exd5 14. Bd3 Bxc3+ 15. bxc3 Be6 16.
O-O Rfc8 17. Rab1 h6 18. Rfd1 $16 (18. h3 Rab8 19. c4 Nxc5 {1/2-1/2 Kinsman
Andrew P H-Prie,E/Paris ch FRA 1996/ (19)})) 13. Bxc4 Qc6 14. O-O Bxc5 15. Be2
(15. Nxc5 Qxc5 16. Ne4 Nxe4 17. Qxe4 Qb6 18. Bd3 g6 19. Qe5 $11) (15. Bb5 Qc7
16. Nxc5 Qxc5 17. Rfd1 e5 18. Be2 Be6 19. Bf3 Qc7 20. Rac1 Rac8 $11) 15... Bd6
16. Rfd1 Bd7 17. h3 Be5 18. Rac1 Rac8 19. Nd4 Qb6 $11) 11. O-O dxc4 12. Bxc4
cxd4 13. Nb5 Qb8 14. N5xd4 Bd6 15. f4 h6 16. Bh4 a6 17. Be2 Nd5 $132 {1/2-1/2
Ivanchuk,V-Kasparov,G/Chess Classic Giants m 3rd 4th, Frankfu 1998/ (33)})
10... cxd4 11. Nb3 (11. exd4 dxc4 12. Bxf6 (12. Bh4 Nb6 13. Nxc4 Nxc4 14. Bxc4
Bd7 15. Bxf6 gxf6 16. d5 Bxc3 17. dxe6 Bxe6 18. Bxe6 fxe6 19. bxc3 Rac8 $132) (
12. Be3 Nb6 13. Nxc4 Nxc4 14. Bxc4 Bd7 15. Qb3 Bc6 16. Ne2 Bd5 $15 {0-1
Benitah,Y-Payen,A/Enghien les Bains ,EXT 1995/ (35)}) 12... Nxf6 13. Nxc4 Qd8
14. Rfd1 Bxc3 15. bxc3 Nd5 16. Ne3 Qc7 17. Rac1 $14 {1-0 Nikolajevs,D-Kukovec,
B/EuYouth U14 Boys, Tallinn EST 1997/ (17)}) 11... Qb6 (11... Qd8 12. Nxd4 dxc4
13. Ne4 (13. Bxc4 Qa5 14. Ncb5 a6 15. Nb3 Qb6 16. N5d4 Ne5 17. Rfd1 Nxc4 18.
Qxc4 e5 19. Nf3 Be6 20. Qh4 Nd7 $11 {1/2-1/2 Bouwmeester,H-Bergraser,V/cr cr
NBC-15/Volac-G 1982/Inf 15/ (28)}) 13... Be7 14. Bxc4 Nxe4 15. Bxe7 Qxe7 16.
Qxe4 Nf6 $11) (11... Qc7 12. Nb5 Qb6 13. Bxf6 (13. cxd5 Nxd5 14. e4 Be7 15.
Bxe7 Nxe7 16. N5xd4 e5 $11) 13... Nxf6 (13... gxf6 14. cxd5 dxe3 15. fxe3 Qxe3+
16. Kh1 Nb6 17. a3 Be7 18. d6 Bd8 19. Bf3 $16 {1-0 Ionescu,C-Ovsejevitsch,S/
Pardubice CZE 1999/(34)}) 14. c5 Qd8 15. exd4 a6 16. Nd6 Ne8 17. Nxe8 Rxe8 18.
a3 Ba5 19. Nxa5 Qxa5 20. b4 $14) 12. exd4 (12. Nxd4 dxc4 13. Bh4 (13. Bxc4 Qc5
14. Qb3 e5 $11) 13... Bxc3 14. Qxc3 Nd5 15. Qc2 Ne5 16. Bg3 Nb4 17. Qc3 Nd5 18.
Qc1 Nc6 19. Nxc6 Qxc6 20. Qxc4 Qxc4 21. Bxc4 Bd7 22. Rfd1 Bc6 23. Rd4 $14 {
1/2-1/2 Alonso,R-Fuentes,M/CUB-ch Holguin ,EXT 1991/ (61)}) 12... dxc4 13. Bxc4
Qc7 (13... Bxc3 14. bxc3 (14. Qxc3 Ne4 15. Qe3 Nxg5 16. Qxg5 Nf6 17. Rad1 Bd7
18. Rd3 h6 19. Qe5 Rfc8 20. Rg3 Qc7 $11 {1/2-1/2 Mrva,M-Gdanski,J/Krynica POL
1998/ (71)}) 14... Qc7 15. Qe2 b6 16. Rac1 Bb7 17. Bd3 Rfe8 18. c4 e5 $5 {
Position was transformed to Nimzo opening} 19. d5 Qd6 20. Rfe1 {1/2-1/2 Bass,
L-Lein,A/New York 1983/ (20)}) 14. Nb5 (14. Qe2 {See comments to the game 1-0
Azmaiparashvili,Z-Ivanchuk,V/Tilburg 1994/Inf 61/[Azmaiparashvili,Z] (33)}) (
14. Bd3 b6 15. Qe2 Bxc3 16. Rac1 Bb7 17. bxc3 Rfe8 (17... Qc6 18. f3 Rac8 19.
Rfe1 Qd6 20. c4 Rfe8 21. Qd2 $14 {1/2-1/2 GM Novikov,I-IM Landa,K/Open
Oberwart (6) 1995/ (24)}) 18. Rfe1 Nd5 19. Be4 h6 {1/2-1/2 Novikov,I-Smagin,S/
Novgorod 1995/(19)} 20. c4 Nb4 (20... hxg5 21. cxd5 Qd6 22. dxe6 Rxe6 23. Qd3
Rae8 24. Bh7+ Kh8 25. Rxe6 Rxe6 26. Bf5 Qd5 (26... Rh6 27. Qg3 $16) 27. Qf3
Qxf3 28. gxf3 $16 {[%csl Rb7,Rd7,Re6][%cal Gc1c7]}) 21. Bf4 Qxf4 22. Bxb7 Rab8
23. Bf3 $14) 14... Qc6 15. a3 Be7 16. Qe2 (16. Na5 Qb6 17. b4 a6 18. Nc3 Qxd4
19. Rad1 Qg4 20. f4 Bd8 21. h3 Bb6+ 22. Kh1 Qh5 23. Be2 Qg6 24. Qxg6 (24. Bd3
Qh5 25. Be2 Qg6 $11) 24... hxg6 25. Bf3 $44) 16... a6 $5 ({Another plan is} 
16... Nb6 $144 {[%cal Gb6d5]} 17. Bd3 {[%csl Rc6]} Bd7 $1 (17... Rd8 $6 18.
Rfc1 Qd7 19. Nc5 {bad Q position and development advantage make position of
White much better:} Bxc5 20. Bxf6 gxf6 21. Rxc5 $1 (21. dxc5 Qxd3 22. Qxd3 Rxd3
23. cxb6 axb6 24. Rd1 Rd7 (24... Rxd1+ 25. Rxd1 Kf8 26. Nc7 Ra5 27. Rd8+ Ke7
28. Rxc8 Rc5 29. h4 Kd7 30. Rh8 Rxc7 31. Rxh7 Ke7 $11) 25. Nd6 Kf8 26. Rd2 $44)
21... a6 (21... Nd5 22. Qh5 f5 23. Bc4 a6 24. Bxd5 axb5 25. Qg5+ Kf8 26. Qh6+
Kg8 27. Rc3 $18) 22. Nc7 Rb8 (22... Qxd4 23. Bxh7+ Kg7 24. Rc3 $18) 23. Qg4+
Kf8 (23... Kh8 24. Qe4 f5 25. Qe5+ Kg8 26. Nxe6 $18 {[%csl Rb8][%cal Ge5b8]})
24. d5 $1 Nxd5 25. Nxd5 exd5 26. Qh4 $16) 18. Nc5 (18. Rac1 $2 Qd5 19. Bxf6
Bxf6 $17) 18... Rfc8 $1 (18... Bxc5 19. Rac1 Nbd5 20. dxc5 $14 (20. Rxc5 Qb6
21. Rfc1 Rac8 22. b4 $14)) 19. Rac1 (19. b4 Qd5 20. Be3 Bc6 21. f3 Qh5 $15)
19... Qd5 $132) 17. Nc3 b5 18. Bd3 Bb7 19. f3 Qb6 (19... Qd6 $132) 20. Kh1 Rfe8
{[%csl Ye7][%cal Gf6d5] Defending Be7 and preparing next move.} (20... Rac8
$132) 21. Rac1 Nd5 {This plan have a little lack: weakenen square c5} 22. Bxe7
Nxe7 {[%csl Rc5] Avoiding a trap:} (22... Nxc3 $2 {[%tqu "En","?","","","d3h7",
"",10]} 23. Bxh7+ $1 Kxh7 24. Qd3+ Kg8 25. Bc5 $1 $16) 23. Nc5 Rad8 (23... Nxc5
$2 24. dxc5 Qc6 (24... Qxc5 25. Nxb5 $18) 25. b4 $16) 24. N3e4 (24. b4 Nf6 25.
Rfd1 $132) 24... Ba8 (24... Nf5 {[%csl Rd4]} 25. Qf2 Bd5 26. b4 Nb8 27. g4 Ne7
(27... Bxe4 28. fxe4 Nxd4 29. Qxf7+ Kh8 30. e5 $18) 28. Rfe1 $132 (28. Qh4 Ng6
29. Qg3 e5 $15)) 25. Qf2 Nb8 {[%csl Rd4][%cal Gb8c6] Black arrange pressure on
the isolated Pd4} 26. Bb1 Nbc6 27. Rfd1 Na5 $6 $14 ({Black desided not to play
} 27... Nf5 {[%csl Rd4] -logical continuation of previous game.} {maybe because
} 28. d5 $5 (28. Rd2 Nfxd4 (28... e5 29. Nf6+ gxf6 30. Bxf5 $16) 29. Qg3 Nf5 (
29... Kh8 30. Ng5 {[%csl Rf7]} Qa7 31. Bxh7 $16) 30. Nf6+ Kh8 31. Bxf5 gxf6 32.
Qh4 {[%csl Rh7]} exf5 33. Qxf6+ Kg8 34. Qg5+ $11 (34. Nd7 Qe3 $19) 34... Kh8
35. Qf6+ $11 (35. Nd7 Qe3 $19)) 28... Rxd5 (28... exd5 29. Nf6+ gxf6 30. Bxf5
Ne7 31. Bd7 Rf8 32. Qd4 $16) 29. Rxd5 exd5 30. Nf6+ gxf6 31. Bxf5 Ne7 (31...
Ne5 32. Re1 $1 (32. Qh4 Ng6 33. Bxg6 fxg6 34. Nd7 Qd8 35. Nxf6+ Kf7 $17) (32.
b4 Ng6 33. Qd4 Re5 34. Bd3 $44) 32... Bc6 33. b4 $16) 32. Re1 Bc6 33. Qg3+ Ng6
34. Rxe8+ Bxe8 35. b4 Kg7 36. Qe1 (36. h4 h5 $44) 36... Bc6 37. Qd2 $44) 28.
Qg3 ({Was not give advantage} 28. Ng5 {[%csl Rh7]} h6 $1 (28... g6 29. Qh4 h5
30. Qf4 $14) 29. Bh7+ Kh8 (29... Kf8 30. d5 {[%cal Gf2b6]} Nc8 {[%csl Rb6]
[%cal Gc8b6]} (30... hxg5 31. Nxe6+ $18 {[%csl Rb6][%cal Gf2b6]}) 31. dxe6 hxg5
32. Nd7+ Rxd7 33. exd7 $3 Qxf2 34. Rxc8 $18) 30. Nxf7+ Kxh7 31. Qc2+ (31. Nxd8
Rxd8 32. Re1 Bd5 $15) 31... Nf5 32. Nxd8 Rxd8 33. Re1 Bd5 $15) 28... Bxe4 ({
Better was} 28... Nd5 $1 29. Ba2 $1 {[%csl Rf6][%cal Ga2d5,Ge4f6]} (29. Ng5 Nf6
30. b3 Nc6 31. Nge4 Nd5 32. Ng5 (32. b4 e5 $11) 32... Nf6 $11) 29... Re7 30. b4
Nc6 31. Bxd5 exd5 32. Nf6+ Kh8 33. Nh5 $14 {[%csl Ra8,Gc5]}) 29. fxe4 Nac6 (
29... Nc4 30. Qf2 $1 {like in the game} (30. b4 Nc6 31. d5 exd5 32. exd5 N6e5
33. Qh3 h6 34. Be4 $14 (34. Qf5 Ng6 $132)) 30... e5 31. d5 $16) 30. Qf2 $1 Rf8
(30... a5 31. Rf1 Rf8 32. Rcd1 {[%cal Gb1a2]} Qc7 (32... Rd6 33. e5 Rdd8 34.
Be4 $14 (34. Ba2 Ng6)) (32... Nxd4 $2 33. Rxd4 Qxc5 34. Rxd8 $18) 33. Ba2 Ng6
34. d5 exd5 35. exd5 Nce5 36. b4 $14) 31. Ba2 {White's plan is to promote
d4-d5 and b2-b4 +/=} Kh8 32. h3 h6 33. b4 a5 $2 $18 {[%mdl 8192]} (33... Ng6
$142 34. d5 Nce5 $14) 34. d5 exd5 35. exd5 Ne5 36. bxa5 $1 Qa7 (36... Qxa5 37.
Nb7 $18) 37. d6 $1 (37. Nd3 $2 Qxf2 38. Nxf2 Ra8 39. d6 N7g6 40. Rd5 Rxa5 41.
d7 Raa8 (41... Rd8 42. Rc8 $18) 42. Rc7 Rfd8 43. Bb1 $16) 37... N7c6 38. Qf5 g6
(38... Qxa5 39. Bb1 g6 40. Qf6+ Kg8 41. Nb7 $18) 39. Qf6+ Kh7 40. a6 Qb6 41. d7
{[%csl Ya6,Yc5,Yd7]} Qa5 42. Nb7 Qxa3 43. Nxd8 Rxd8 44. Rxc6 1-0

[Event "Moscow Aeroflot op-A 15th"]
[Site "Moscow"]
[Date "2016.03.02"]
[Round "2"]
[White "Wagner, Dennis"]
[Black "Bu, Xiangzhi"]
[Result "1/2-1/2"]
[WhiteElo "2583"]
[BlackElo "2724"]
[Annotator "Wagner,D"]
[PlyCount "64"]
[EventDate "2016.03.01"]
[EventType "swiss"]
[EventRounds "9"]
[EventCountry "RUS"]
[SourceTitle "CBM 172"]
[Source "ChessBase"]
[SourceDate "2016.05.12"]
[SourceVersion "1"]
[SourceVersionDate "2016.05.12"]
[SourceQuality "1"]

{After a draw in round one of the very strong and well organised Aeroflot Open
I faced the second seed for the event, Bu Xiangzhi.} 1. d4 d5 2. c4 c6 (2... e6
3. Nf3 Nf6 4. Nc3 Bb4 5. cxd5 exd5 6. Bg5 Nbd7 7. Rc1 c6 8. e3 Qa5 9. Bd3 Ne4
10. O-O Nxg5 11. Nxg5 Nf6 12. Qc2 h6 13. Nf3 Bd6 14. Ne5 Ng4 15. Nf3 Nf6 16. h3
O-O 17. Ne5 a6 18. f4 c5 {This type of position is very similar to the one
that could have arisen in my game.} 19. g4 cxd4 20. exd4 Be6 21. Qb3 b5 22. f5
Qb6 23. Nf3 Bc8 24. Kg2 Bb7 25. Na4 Qa7 26. Nc5 Rac8 27. a4 Bxc5 28. dxc5 d4
29. axb5 axb5 30. Qxb5 Bc6 31. Qb6 Qd7 32. Kg1 Rfe8 33. Rce1 Rxe1 34. Nxe1 Re8
35. Ng2 Nd5 36. Qb3 Ne3 37. Nxe3 dxe3 38. Qc4 Qc7 39. Qf4 Qxf4 40. Rxf4 e2 41.
Bxe2 Rxe2 42. Rb4 Rg2+ 43. Kf1 Rc2 {0-1 (43) Vachier Lagrave,M (2754)-Caruana,
F (2803) Khanty-Mansiysk 2015}) 3. Nf3 Nf6 4. Nc3 e6 5. Bg5 $5 {This was the
first time I had gone for this move, but I wanted to be very ambitious.} Nbd7
$5 ({Up until this point my opponent had taken on c4 in his previous games.} 
5... dxc4) 6. e3 Qa5 7. cxd5 exd5 {Of course, I didn't expect this line,
because it is quite rare at the top level.} (7... Nxd5 {is the main move by
far.}) 8. Bd3 (8. Nd2 $5 {is the other move, which was used by Tomashevsky to
beat Nguyen Hong Truong Son at the World Cup in Baku.} Bd6 (8... Be7 9. Bd3 O-O
10. O-O Re8 11. Re1 Nf8 12. Qc2 Be6 13. Rab1 Rac8 14. a3 Qd8 15. b4 Bd6 16. Nf1
Ng6 17. f4 Bd7 18. f5 Nf8 19. e4 dxe4 20. Nxe4 Be7 21. Bxf6 Bxf6 22. Qf2 Bh4
23. g3 Bf6 24. Nfd2 h6 25. Nc4 Rc7 26. Ncd6 Re7 27. Nxf6+ gxf6 28. Rxe7 Qxe7
29. Qf4 Be8 30. Ne4 Rd7 31. Qxh6 Nh7 32. Re1 Qd8 33. Bc4 Rxd4 34. Qg6+ Kh8 35.
Bxf7 Bxf7 36. Qxf7 Rxe4 37. Rxe4 Qd1+ 38. Kf2 Qd2+ 39. Re2 Qd4+ 40. Kg2 {
1-0 (40) Tomashevsky,E (2695)-Nguyen,N (2621) Dubai 2014}) 9. Bd3 O-O 10. O-O
Qc7 11. Nf3 Re8 12. Rc1 Qb8 13. Qc2 h6 14. Bh4 Ng4 15. h3 Ngf6 16. e4 dxe4 17.
Bxe4 Nxe4 18. Nxe4 Nf8 19. Nxd6 Qxd6 20. Qb3 Be6 21. Qxb7 Reb8 22. Qxc6 Qxc6
23. Rxc6 Rxb2 24. a3 Rb3 25. Rfc1 Ng6 26. R6c3 Rxc3 27. Rxc3 Nxh4 28. Nxh4 Rb8
29. Rc5 Rd8 30. Nf3 Bd5 31. Ne5 f6 32. Ng6 Be4 33. Rc8 Rxc8 34. Ne7+ Kf7 35.
Nxc8 Bc6 36. Nxa7 Bd7 37. d5 Ke7 38. Nc6+ Kd6 39. Nb4 Kc5 40. f3 h5 41. h4 g5
42. g3 Kd4 43. Kf2 Be8 44. Na6 Bd7 45. d6 {1-0 (45) Tomashevsky,E (2758)
-Nguyen,N (2634) Baku 2015}) 8... Ne4 9. O-O Nxg5 10. Nxg5 {White has given up
the pair of bishops, but as compensation he has a lead in development and
could use it for erecting a strong central setup with f2-f4 and Nf3-e5.} Nf6 (
10... Be7 {is also possible.} 11. f4 (11. Qh5 g6 12. Qh6 Bf8 13. Qh4 Be7 $11)
11... Nf6 12. Nf3 O-O 13. Ne5 {with a complex fight}) 11. Qc2 {I am not sure
about this move. I wanted to provoke h6, avoid the ...Bg4 pin and connect my
rooks, but there are many alternatives worth considering.} (11. h3 $5 Be7 12.
f4 O-O 13. Nf3 c5 14. Ne5 a6 (14... c4 15. Bc2 $40) 15. Bc2 $14) (11. a3 h6 12.
Nf3 Bd6 13. Ne5 Qc7 14. f4 O-O 15. Qf3 $14) (11. f4 h6 (11... Be7 12. h3 $1)
12. Nf3 Bg4 13. h3 Bxf3 14. Qxf3 Bb4 $1 15. Ne2 O-O 16. g4 Rae8 17. Ng3 Qd8 $11
) 11... h6 12. Nf3 Bd6 13. Rae1 (13. Ne5 {at once is impossible unfortunately
because of} Bxe5 14. dxe5 Ng4 {winning a pawn.}) 13... O-O (13... Qc7 {Black
is not in time to prevent Ne5:} 14. e4 $1 dxe4 15. Nxe4 Nxe4 16. Rxe4+ Be6 17.
Bc4 $16) 14. Ne5 Bxe5 $6 {This decision seemed rather risky to me.} (14... a6 {
was the move I expected, preparing c5. This reminded me of the game between
Vachier Lagrave and Caruana, which reached a similar structure through a
Ragozin.} 15. f4 c5 16. h3 (16. Qe2 b5 $1 17. Bb1 $6 b4 $1 18. Nd1 Qb6 $17)
16... Be6 17. g4 Rac8 $132 {The position is very complex, both sides have
their chances. In my opinion White's initiative on the kingside is less
dangerous than it looks. Black definitely has enough defensive potential.}) (
14... c5 $2 15. Nb5 $1 $16) 15. dxe5 Nd7 16. f4 Nc5 17. Bh7+ {This looked like
the correct way, but the alternative is also strong.} (17. Be2 $1 $14 {Now the
intended break} f6 {fails because of} (17... Qb6 18. Kh1 (18. a3 a5) 18... Bd7
19. f5 $36) 18. a3 fxe5 19. fxe5 $1 {as we found out during analysis after the
game.} (19. b4 Qxa3 20. bxc5 Qxc5 $44) 19... Rxf1+ 20. Rxf1 Qc7 21. b4 Ne6 (
21... Nd7 22. Qg6 Qxe5 23. Bd3 Nf6 24. Rxf6 Qxf6 25. Qe8+ Qf8 26. Bh7+ $18) 22.
Qg6 $1 Qe7 23. Bh5 $1 $16) 17... Kh8 18. a3 g6 $1 {Without this surprising
ressource Black would just be worse. Now, however, the position becomes
completly unclear and crazy.} 19. Bxg6 fxg6 20. Qxg6 Bf5 21. Qxh6+ Bh7 {
During the game I just didn't understand what was going on and who was playing
for a win.} 22. f5 $1 Qc7 (22... Nd3 {loses to} 23. f6 $1 Qc7 24. e6 $1 {
as my opponent pointed out after the game.} Nxe1 25. Rxe1 $18 {Amazingly Black
can't move and is just lost.}) 23. e6 Qe5 (23... Qg7 {is safer, but White has
a great endgame ahead of him.} 24. Qxg7+ Kxg7 25. g4 Nd3 26. Rd1 Ne5 27. h3 $16
) 24. g4 $2 {This leads only to a draw.} ({As he joined the analysis, Baadur
Jobava pointed out that} 24. e4 $1 {would have won the game. The computer
confirms this evaluation but the lines are pretty difficult to figure out
during a game.} dxe4 (24... d4 25. Ne2 $1 d3 26. Nf4 Qd4+ 27. Kh1 $18) (24...
Nxe4 25. Nxe4 dxe4 26. f6 $18) 25. f6 $1 Nxe6 26. Rxe4 Qg5 $1 27. Qh3 $3 {
That's the whole point, which was quite difficult to foresee. Now Black loses
material.} Rxf6 (27... Nc5 28. Re7 Qg6 29. Ne2 $18) 28. Rxf6 Qxf6 29. Rxe6 Qd4+
30. Qe3 $18) (24. Rf3 $5 $14 {would have been better, too.} Rxf5 $2 (24... Rf6
25. Qh4 Rg8 26. Ref1 Rg7 27. g4 $14) 25. Rxf5 Qxf5 26. Rf1 Qxe6 27. Rf8+ Rxf8
28. Qxf8+ Bg8 29. Qxc5 $16 {Suddenly the knight on c5 is lost.}) 24... Rg8 25.
h3 (25. g5 $2 Rxg5+ 26. Qxg5 Rg8 $19) 25... Raf8 26. Kh1 Ne4 27. Nxe4 Qxe4+ 28.
Kh2 Rxf5 $5 {Forcing the draw. Anyway, the white pawns are too strong for
Black to have any hopes of playing for a win, so this decision makes sense.} (
28... Qc2+ $5 29. Kg3 $1 Rxf5 30. e7 $5 Rxf1 31. Rxf1 Qg6 32. Qf8 Qe6 $11) 29.
Rxf5 Qc2+ 30. Kh1 ({I should have tried the spectacular move} 30. Re2 $5 Qxe2+
31. Kg3 Qe1+ $1 {Only this gives a draw.} (31... Qxb2 $2 {is more natural, but
loses in great style.} 32. Rf7 Qe5+ 33. Kh4 Rg7 {During the game I thought
that this would result in a perpetual anyway, but amazingly White can win with
the cool} 34. Rd7 $3 $18 {[%cal Ge6e7] An unbelievably deep move.}) 32. Kg2
Qe2+ 33. Rf2 Qd3 $1 {This move is far from easy, taking into account how more
natural the line with ...Qxb2 is.} 34. Qf6+ (34. Rf7 Qg6 $11) 34... Rg7 $11)
30... Qe4+ 31. Kh2 Qc2+ 32. Kh1 Qe4+ {An exciting game, where I missed a
chance to score a big win on move 24 with the great resource e4!} 1/2-1/2